1649 1615 1434 1352 1322 1306 1284 1239 1674 1824 1739 1490 1147 1864 1075 1004 1714 1430 1541 1450 1032 1674 1464 1523 1577 1218 1138 1679 1363 1300 1468 1162 1924 1329 1375 1327 1536 1725 1914 1137 1595 1808 1064 1019 1027 1866 1624 1678 1621 1011 1787 1404 1339 1322 1376 1745 1816 1705 1038 1307 1043 1562 1201 1214 1247 1819 1565 1357 1351 1157 1139 1698 1454 1835 1126 1558 1314 1837 1360 1337 1277 1643 1378 1746 1680 1456 1806 1774 1558 1752 1750 1854 1430 1581 1742 1399 1073 1862 1042 BCNSPRNW ULIB Ver.6.0+V

เปลี่ยนเป็นภาษาไทย

Change to English
 แสดงรายละเอียดบรรณานุกรม
  กลับหน้าหลัก

Brief Record : Get Marc (ISO 2709) : E-mail record : QR code < ปิดหน้าต่าง
LEADER : 00000nam 2200000uu 4500
001    13399113212
003     ULIB
008    111003s2553||||th 000 0 tha d
020    9786117033155
041 1  tha^heng
050 04 QB^bค796ว 2553
100 1  เคอร์รอด, โรบิน
245 10 วิถีความเป็นไปแห่งเอกภพ = The way the universe works /^cโดยโรบิน เคอรอด และ ไจลส์ สแปรโรว์ ; [สุทัศน์ ยกส้าน, แปล]
250    พิมพ์ครั้งที่ 2
260    กรุงเทพฯ :^bปาเจรา,^c2553
300    160 หน้า :^bภาพประกอบสี ;^c29 ซม
505 2  ดูเอกภพ -- ระบบสุริยะ -- ดาวเคราะห์ -- ดาวฤกษ์ -- กาแล็กซี -- เอกภพที่ลึกลับ
650  7 ดาราศาสตร์
650  7 จักรวาล
650  7 ดาราศาสตร์^xการทดลอง
700 1  สแปรโรว์, ไจลส์
700 0  สุทัศน์ ยกส้าน
700 12 Kerrod, Robin.^tThe way the universe works
700 12 Sparrow, Giles.^tThe way the universe works
945    ^p565^l0^i028876
995    ทศพร
999 ^a ทศพร
รายการนี้ยังไม่มีแท็ก
คุณยังไม่ได้ล็อกอิน คุณสามารถมีกิจกรรมร่วมกับเว็บไซต์ได้ แต่ต้องล็อกอินก่อน ::
  ล็อกอิน

รายการสื่อสารสนเทศ

ลำดับที่ ประเภท เลขเรียก/บาร์โค้ด สถานที่ สถานะ
- ไม่พบข้อมูล -

รายการใกล้เคียง
    หัวเรื่อง [ดาราศาสตร์]
    หัวเรื่อง [จักรวาล]

BibComment


ยังไม่เคยถูกคอมเมนท์

คอมเมนท์ทรัพยากรรายการนี้
  คอมเมนท์: วิถีความเป็นไปแห่..


 Copyright 2026. Bcnsprnw @Library